LEADER 01066nam a2200217 4500 001 000000357061 003 CaOOAMICUS 005 20240205160637.0 008 240205s1940 it 2 000 u ita r 040 $aSeMil$bita 100 1 $aRondoni, Pietro <1882-1956>.$0(OLS)http://semarc/name/119083 245 10$aSalute e malattia :$bdiscorso inaugurale, letto nella solenne adunanza del 10 novembre 1940 /$cdal m.e. Pietro Rondoni. 264 1$aMilano :$bHoepli,$c1940. 300 $a18 p. ;$c25 cm 500 $aEstratto da: Rendiconti del r. Istituto lombardo di scienze e lettere, vol. 74 (5 della serie 3) fasc. 1 Parte gen. e atti uff. (1940-1941) 650 4$aPatologie - Medicina.$0(OLS)http://semarc/subject/26900 850 $aSeMil 852 $aSeMil$W1$xVenegono$y1$m5C IV 10/8$j245881$B248243$CSeMilBibl$Z2$F248243 $81 996 $6245$aSalute e malattia :$bdiscorso inaugurale, letto nella solenne adunanza del 10 novembre 1940$9(OLS)http://semarc/title/447303 996 $6264$aMilano :$bHoepli$9(OLS)http://semarc/publisher/31184 LEADER 02338nam a2200349 i 4500 001 000000069176 003 CaOOAMICUS 005 20230310143515.0 008 131129s1665 gw u000 u lat u 026 $asoa- usci s,r, mare (3) 1665 (R) 040 $aSeMil$bita 100 1 $aBacon, Francis,$d<1561-1626>.$0(OLS)http://semarc/name/2789 245 10$aFrancisci Baconi ... opera omnia, quae extant: philosophica, moralia, politica, historica. ... Hactenus nunquam conjunctim edita, jam vero summo studio collecta, uno volumine comprehensa, & ab innumeris mendis repurgata. Cum indice rerum ac verborum universali absolutissimo. His praefixa est auctoris vita. 264 1$aFrancofurti ad Moenum :$bimpensis Joannis Baptistae Schonwetteri : typis Matthaei Kempfferi,$c1665. 300 $a[20] p., 1324 col., [31] p. ;$cfol. 500 $aAltra marca simile sui front. delle singole opere 500 $aMarca editoriale: Giove, portato in volo da un'aquila ha folgori nella mano sinistra e lo scettro nella destra. Motto: Coelo crescunt vegetata sereno. In cornice calcografica. Repertorio consultato : Marques d'impressors, Univ. di Barcellona. 500 $aSegn.: ):(6 A-3I6 3K-3M4 3N8 (3N8 bianca) 500 $aTesto su due colonne 500 $aRitr. dell'A. sul v. dell'occhietto 500 $aFront. generale stampato in rosso e nero 500 $aIniz. final. xilogr. 500 $aOgni opera ha front. proprio, datato 1664 700 1 $aKempfer, Matthäus,$c.$0(OLS)http://semarc/name/34572 700 1 $aSchönwetter, Johann Baptist,$c.$0(OLS)http://semarc/name/34573 850 $aSeMil 852 $aSeMil$W1$xVenegono$y1$m2O VI 19 FA$j35329$B35329$CSeMilBibl$Z2$F35332 $8I 941 1 $a10 961 $aRecupero: Mantegazza 996 $6245$aFrancisci Baconi ... opera omnia, quae extant: philosophica, moralia, politica, historica. ... Hactenus nunquam conjunctim edita, jam vero summo studio collecta, uno volumine comprehensa, & ab innumeris mendis repurgata. Cum indice rerum ac verborum universali absolutissimo. His praefixa est auctoris vita$9(OLS)http://semarc/title/110683 996 $6264$aFrancofurti ad Moenum :$bimpensis Joannis Baptistae Schonwetteri : typis Matthaei Kempfferi$9(OLS)http://semarc/publisher/42835